000
00272nam a2200097Ia 4500
008
200302s9999 xx 000 0 und d
100
_a
Francisco Asensio Cerver
245
_a
Arco Colour Collection Urban Architecture City Planning
260
_b
Paco Asensio
300
_a
159 P.,
999
_c
5694
_d
5694